[Event "CYCC U14"]
[Site "Quebec CAN"]
[Date "2018.07.04"]
[Round "6.34"]
[White "Papneja, Arul"]
[Black "Xiang, Christopher"]
[Result "1-0"]
[WhiteElo "2082"]
[BlackElo "1662"]
[PlyCount "88"]
[EventDate "2018.07.02"]
[EventType "swiss"]
[EventRounds "7"]
[EventCountry "CAN"]

1. d4 Nf6 2. Nf3 g6 3. Nc3 Bg7 4. e4 d6 5. h3 O-O 6. Be3 Nbd7 7. Qd2 e5 8.
O-O-O Qe7 9. d5 Ne8 10. g4 Nc5 11. Be2 a5 12. Rdg1 Nf6 13. Bxc5 dxc5 14. a4 Nd7
15. Nb5 Nb6 16. b3 Rd8 17. Rd1 Bf8 18. c4 f6 19. Qe3 Qg7 20. g5 Bd6 21. gxf6
Qxf6 22. h4 Bg4 23. Rdg1 Bh5 24. Ng5 Bxe2 25. Qxe2 c6 26. Nxd6 Rxd6 27. Ne6
cxd5 28. exd5 Nd7 29. h5 b6 30. hxg6 hxg6 31. Rh6 Nf8 32. Qg4 e4 33. Qxe4 Qc3+
34. Qc2 Qa1+ 35. Qb1 Qxb1+ 36. Kxb1 Kf7 37. Re1 Nxe6 38. dxe6+ Kf6 39. e7 Re8
40. Kc2 Rxe7 41. Rxg6+ Kxg6 42. Rxe7 Kf6 43. Re2 Kg5 44. Re3 Kf4 1-0

[Event "CYCC U14"]
[Site "Quebec CAN"]
[Date "2018.07.04"]
[Round "6.35"]
[White "Laroche, Hugo"]
[Black "Doknjas, Neil"]
[Result "0-1"]
[WhiteElo "1415"]
[BlackElo "1917"]
[PlyCount "74"]
[EventDate "2018.07.02"]
[EventType "swiss"]
[EventRounds "7"]
[EventCountry "CAN"]

1. d4 d5 2. Bf4 Nf6 3. Nf3 e6 4. e3 c5 5. c3 Bd6 6. Bg3 Nc6 7. Bd3 O-O 8. Nbd2
b6 9. Ne5 Bb7 10. f4 Ne7 11. O-O Ne4 12. Nxe4 dxe4 13. Bc2 Nd5 14. Qe2 f5 15.
Rad1 cxd4 16. cxd4 a5 17. Ba4 Ba6 18. Qd2 Bb4 19. Qf2 Bxf1 20. Rxf1 Rc8 21. Bd7
Rc7 22. Bh4 Nf6 23. Bxe6+ Kh8 24. a3 Bd6 25. Bxf5 Qe8 26. Qd2 Qh5 27. Bxf6 Qxf5
28. Bh4 Bxe5 29. dxe5 Rfc8 30. Qd4 h6 31. Be1 Rc2 32. Bc3 Qg4 33. Rf2 Rxf2 34.
Kxf2 Qh4+ 35. Kg1 Rd8 36. Qa4 Qh5 37. Qc2 Rd3 0-1

[Event "CYCC U14"]
[Site "Quebec CAN"]
[Date "2018.07.04"]
[Round "6.36"]
[White "Craciun, David"]
[Black "Mirabelli, Aidan"]
[Result "0-1"]
[WhiteElo "1837"]
[BlackElo "1592"]
[PlyCount "78"]
[EventDate "2018.07.02"]
[EventType "swiss"]
[EventRounds "7"]
[EventCountry "CAN"]

1. d4 d5 2. Bf4 Nf6 3. Nf3 Bf5 4. e3 h6 5. c4 e6 6. Nc3 Nbd7 7. Nb5 Bb4+ 8. Nc3
Ne4 9. Qb3 a5 10. a3 Bxc3+ 11. bxc3 dxc4 12. Bxc4 Nb6 13. Bb5+ c6 14. Be2 O-O
15. c4 c5 16. Rd1 a4 17. Qb2 Nd7 18. dxc5 Qa5+ 19. Nd2 Ndxc5 20. O-O Nc3 21.
Nf3 Nxd1 22. Rxd1 Rfd8 23. Rf1 Bd3 24. Ne5 Bxe2 25. Qxe2 Nd7 26. Ng4 h5 27.
Nh6+ gxh6 28. Bxh6 Qf5 29. e4 Qg6 30. Be3 Nf6 31. e5 Ng4 32. Bb6 Rd7 33. f4 Qd3
34. Qe1 Qxa3 35. Qh4 Qf8 36. Qxh5 Qg7 37. h3 Nh6 38. g4 a3 39. g5 Nf5 0-1

[Event "CYCC U14"]
[Site "Quebec CAN"]
[Date "2018.07.04"]
[Round "6.37"]
[White "Demers, Alexis"]
[Black "Celer-Matas, Simon"]
[Result "1-0"]
[WhiteElo "1726"]
[BlackElo "1223"]
[PlyCount "72"]
[EventDate "2018.07.02"]
[EventType "swiss"]
[EventRounds "7"]
[EventCountry "CAN"]

1. d4 Nf6 2. c4 e6 3. Nc3 Bb4 4. e3 d5 5. Qa4+ Nc6 6. Nge2 Bd7 7. Qc2 O-O 8. a3
Bxc3+ 9. Nxc3 Ne7 10. Bd3 dxc4 11. Bxc4 Ned5 12. O-O Bc6 13. Bd3 h6 14. Rd1
Nxc3 15. bxc3 Qd7 16. a4 a5 17. e4 b6 18. Bb2 Bb7 19. c4 Qe7 20. d5 exd5 21.
exd5 Rfe8 22. Qd2 Ne4 23. Qf4 Nc5 24. Qg3 f6 25. Bg6 Red8 26. Re1 Qd6 27. Re2
Qxg3 28. hxg3 Ba6 29. Rc2 Bc8 30. Ba3 Nxa4 31. Be7 Rd7 32. Re2 Nc3 33. Re3 Nxd5
34. cxd5 Rxd5 35. Bd6 Bd7 36. Be4 Re8 1-0

[Event "CYCC U14"]
[Site "Quebec CAN"]
[Date "2018.07.04"]
[Round "6.38"]
[White "Wang, Eric"]
[Black "Ramesh, Sanjay"]
[Result "1-0"]
[WhiteElo "1682"]
[BlackElo "1416"]
[PlyCount "51"]
[EventDate "2018.07.02"]
[EventType "swiss"]
[EventRounds "7"]
[EventCountry "CAN"]

1. c4 e5 2. Nc3 Nf6 3. Nf3 Nc6 4. d4 exd4 5. Nxd4 Bc5 6. Nxc6 bxc6 7. g3 d5 8.
Bg2 Bb7 9. e3 O-O 10. O-O Ba6 11. Qa4 Bxc4 12. Rd1 Qe8 13. b3 Bb5 14. Nxb5 cxb5
15. Qa5 Bb6 16. Qc3 Qe6 17. Bb2 Rad8 18. Qd3 a6 19. a4 bxa4 20. Rxa4 a5 21. Bc3
d4 22. Bxa5 dxe3 23. Qxd8 exf2+ 24. Kf1 Rxd8 25. Rxd8+ Ne8 26. Re4 1-0

[Event "CYCC U14"]
[Site "Quebec CAN"]
[Date "2018.07.04"]
[Round "6.39"]
[White "James, Rowan"]
[Black "Yoker, Callum"]
[Result "1-0"]
[WhiteElo "1903"]
[BlackElo "1160"]
[PlyCount "35"]
[EventDate "2018.07.02"]
[EventType "swiss"]
[EventRounds "7"]
[EventCountry "CAN"]

1. e4 c5 2. Nf3 Nc6 3. d3 e6 4. g3 g6 5. Bg2 Bg7 6. O-O Nge7 7. Nbd2 O-O 8. Re1
d6 9. Nf1 b6 10. h4 Bb7 11. N1h2 h5 12. g4 hxg4 13. Nxg4 f5 14. Nh6+ Kh8 15.
exf5 exf5 16. Ng5 Bc8 17. Nhf7+ Rxf7 18. Nxf7+ 1-0

[Event "CYCC U14"]
[Site "Quebec CAN"]
[Date "2018.07.04"]
[Round "6.40"]
[White "Petrovic, Milos"]
[Black "Liu, Harrison"]
[Result "0-1"]
[WhiteElo "1291"]
[BlackElo "1828"]
[PlyCount "88"]
[EventDate "2018.07.02"]
[EventType "swiss"]
[EventRounds "7"]
[EventCountry "CAN"]

1. e4 c5 2. Nf3 d6 3. d4 cxd4 4. Nxd4 Nf6 5. Nc3 g6 6. Be3 Bg7 7. Qd2 O-O 8.
Bc4 Nc6 9. O-O-O Bd7 10. f3 a6 11. Bh6 Nxd4 12. Bxg7 Nxf3 13. gxf3 Kxg7 14. Nd5
Nxd5 15. Bxd5 Qb6 16. Qd4+ Qxd4 17. Rxd4 Rab8 18. Rhd1 Bc6 19. Bxc6 bxc6 20. f4
Rb6 21. c4 Rfb8 22. b3 Kf6 23. Kc2 a5 24. Kc3 c5 25. e5+ Ke6 26. Rd5 Rc8 27.
Re1 Kd7 28. Red1 Rbc6 29. Kd3 e6 30. Rxd6+ Rxd6+ 31. exd6 Kxd6 32. Ke4+ Ke7 33.
Ke5 f6+ 34. Ke4 Rd8 35. Rxd8 Kxd8 36. h3 Kd7 37. h4 Kd6 38. a3 h6 39. a4 f5+
40. Kf3 e5 41. Ke3 exf4+ 42. Kxf4 Ke6 43. b4 cxb4 44. c5 Kd5 0-1

[Event "CYCC U14"]
[Site "Quebec CAN"]
[Date "2018.07.04"]
[Round "6.41"]
[White "Cloutier, Simon"]
[Black "Grandmont, Mathias"]
[Result "1-0"]
[WhiteElo "1366"]
[BlackElo "1560"]
[PlyCount "53"]
[EventDate "2018.07.02"]
[EventType "swiss"]
[EventRounds "7"]
[EventCountry "CAN"]

1. e4 c5 2. Nf3 d6 3. d4 cxd4 4. Nxd4 Nf6 5. Nc3 a6 6. Be2 e5 7. Nb3 Be7 8. O-O
O-O 9. Be3 Nc6 10. f3 Be6 11. Nd5 Bxd5 12. exd5 Na5 13. Qd2 Nxb3 14. axb3 Rc8
15. c4 Nd7 16. Bd3 f5 17. b4 e4 18. fxe4 fxe4 19. Be2 Bf6 20. Bd4 Bxd4+ 21.
Qxd4 Qb6 22. Qxb6 Rxf1+ 23. Rxf1 Nxb6 24. b3 Nd7 25. Bg4 Rd8 26. Be6+ Kh8 27.
Bxd7 1-0

[Event "CYCC U14"]
[Site "Quebec CAN"]
[Date "2018.07.04"]
[Round "6.42"]
[White "Arcand, Louis"]
[Black "Landstrom, William"]
[Result "0-1"]
[WhiteElo "1267"]
[BlackElo "1297"]
[PlyCount "42"]
[EventDate "2018.07.02"]
[EventType "swiss"]
[EventRounds "7"]
[EventCountry "CAN"]

1. d4 d6 2. e4 Nf6 3. Nc3 Nbd7 4. f4 c6 5. Nf3 Qc7 6. Bd3 e5 7. O-O Be7 8. Bd2
h6 9. Qe2 b6 10. Qf2 Bb7 11. Qg3 Rg8 12. fxe5 Nh7 13. Bxh6 dxe5 14. Bd2 O-O-O
15. Nxe5 Bd6 16. Bf4 g5 17. Nxf7 gxf4 18. Nxd6+ Qxd6 19. Qxf4 Qg6 20. Qd2 Qg7
21. Ne2 Qxg2# 0-1

[Event "CYCC U14"]
[Site "Quebec CAN"]
[Date "2018.07.04"]
[Round "6.43"]
[White "Makarczyk, David"]
[Black "Xiao, Edward"]
[Result "1/2-1/2"]
[WhiteElo "1582"]
[BlackElo "1524"]
[PlyCount "88"]
[EventDate "2018.07.02"]
[EventType "swiss"]
[EventRounds "7"]
[EventCountry "CAN"]

1. e4 c5 2. Nc3 Nc6 3. f4 e6 4. Bb5 Nge7 5. Nf3 a6 6. Bxc6 Nxc6 7. O-O Be7 8.
d4 cxd4 9. Ne2 d5 10. exd5 Qxd5 11. Nexd4 Nxd4 12. Nxd4 O-O 13. Nf3 Bc5+ 14.
Kh1 Rd8 15. Qe2 Bd7 16. c4 Qd6 17. Rd1 Qc7 18. Ne5 Bc6 19. Be3 Bxe3 20. Qxe3 f6
21. Nxc6 Qxc6 22. b3 Rd6 23. Rd4 Qc5 24. Rd3 Qxe3 25. Rxe3 Rad8 26. h3 Kf7 27.
Rae1 Rd1 28. Rxe6 Rxe1+ 29. Rxe1 Rd2 30. a4 Rd3 31. Rb1 Kg6 32. Kh2 Kf5 33. g3
Ke4 34. h4 Kf3 35. Kh3 h6 36. b4 h5 37. a5 Kf2 38. Rb2+ Kf3 39. b5 axb5 40.
Rxb5 Rd1 41. Rb3+ Kf2 42. Rb2+ Kf3 43. Kh2 Ra1 44. Rb3+ Kg4 1/2-1/2

[Event "CYCC U14"]
[Site "Quebec CAN"]
[Date "2018.07.04"]
[Round "6.44"]
[White "Vijendra, Vinushan"]
[Black "Stopic, Alexander"]
[Result "1/2-1/2"]
[WhiteElo "1173"]
[BlackElo "1662"]
[PlyCount "69"]
[EventDate "2018.07.02"]
[EventType "swiss"]
[EventRounds "7"]
[EventCountry "CAN"]

1. e4 e5 2. Nf3 Nc6 3. Bc4 Bc5 4. O-O d6 5. c3 Nf6 6. d4 Bb6 7. dxe5 Nxe5 8.
Nxe5 dxe5 9. Qxd8+ Kxd8 10. Bg5 Ke7 11. a4 a5 12. Nd2 h6 13. Bh4 Be6 14. Bxf6+
gxf6 15. Bxe6 fxe6 16. Nc4 Bc5 17. Rfe1 b6 18. g3 h5 19. h4 Rhg8 20. Ne3 Rad8
21. Re2 Rg6 22. Rc1 Rd7 23. Kg2 Bxe3 24. Rxe3 Rd2 25. b3 Kd6 26. Ree1 f5 27.
Rcd1 Rxd1 28. Rxd1+ Ke7 29. Re1 Kf6 30. Kf3 Rg4 31. b4 f4 32. bxa5 bxa5 33. c4
Ke7 34. Rd1 fxg3 35. fxg3 1/2-1/2

[Event "CYCC U14"]
[Site "Quebec CAN"]
[Date "2018.07.04"]
[Round "6.46"]
[White "Hallam, Lucas"]
[Black "Chakkoli, Anirud"]
[Result "0-1"]
[WhiteElo "1103"]
[BlackElo "1422"]
[PlyCount "60"]
[EventDate "2018.07.02"]
[EventType "swiss"]
[EventRounds "7"]
[EventCountry "CAN"]

1. e4 c5 2. Nf3 d6 3. Bc4 e6 4. d3 Nc6 5. O-O g6 6. Bg5 Qc7 7. Nc3 a6 8. Re1
Nge7 9. Bf6 Rg8 10. Ng5 Bd7 11. Nxh7 O-O-O 12. Nxf8 Rdxf8 13. Qf3 g5 14. Qg3
Rg6 15. Bxe7 Nxe7 16. e5 d5 17. Bb3 Nf5 18. Qg4 Nd4 19. Rac1 f5 20. Qh5 Rfg8
21. Qd1 g4 22. Kh1 Qd8 23. g3 Qg5 24. Ba4 Qh6 25. h4 gxh3 26. Bxd7+ Kxd7 27.
Na4 f4 28. gxf4 h2 29. Qd2 Rg1+ 30. Rxg1 hxg1=Q# 0-1

[Event "CYCC U14"]
[Site "Quebec CAN"]
[Date "2018.07.04"]
[Round "6.48"]
[White "Blanco, Rafael"]
[Black "Kochetkov, Maxim"]
[Result "0-1"]
[WhiteElo "1197"]
[BlackElo "1181"]
[PlyCount "128"]
[EventDate "2018.07.02"]
[EventType "swiss"]
[EventRounds "7"]
[EventCountry "CAN"]

1. e4 c5 2. Nf3 d6 3. d4 cxd4 4. Nxd4 Nf6 5. Nc3 g6 6. f3 Bg7 7. Be3 O-O 8. Bc4
Bd7 9. Qd2 Nc6 10. g4 Ne5 11. Be2 Rc8 12. h4 h5 13. gxh5 Nxh5 14. O-O-O a6 15.
Bh6 b5 16. Bxg7 Kxg7 17. Rdg1 Rh8 18. f4 Nc4 19. Bxc4 Rxc4 20. Nb3 b4 21. Qd3
Qc8 22. Nd2 Rc5 23. Qd4+ Kg8 24. Qxb4 Nxf4 25. Qb3 Rxc3 26. bxc3 Ne2+ 27. Kb2
Nxg1 28. Rxg1 Be6 29. Qb6 Rh5 30. Qe3 Rxh4 31. Qg5 Rh3 32. Rg3 Qb7+ 33. Kc1
Rxg3 34. Qxg3 Bxa2 35. e5 dxe5 36. Qxe5 Be6 37. Qd4 Qc7 38. c4 a5 39. c5 Qd7
40. Qc3 a4 41. Qa3 Qd5 42. Nb1 g5 43. Nc3 Qc6 44. Nxa4 g4 45. Nb6 f5 46. Qe3
Qh1+ 47. Kb2 Kf7 48. Qc3 Qh3 49. Qd4 g3 50. Qd3 f4 51. Qf3 Qg4 52. Qxg4 Bxg4
53. c6 g2 54. c7 g1=Q 55. c8=Q Qxb6+ 56. Kc1 Bxc8 57. Kd2 f3 58. c3 Qb2+ 59.
Kd3 f2 60. Ke3 f1=Q 61. Kd4 Qf6+ 62. Ke4 Bb7+ 63. Ke3 Qf3+ 64. Kd4 Qbxc3# 0-1

[Event "CYCC U14"]
[Site "Quebec CAN"]
[Date "2018.07.04"]
[Round "6.49"]
[White "Jiang, Shawn"]
[Black "Asemota, Eghosa"]
[Result "1-0"]
[WhiteElo "1020"]
[BlackElo "823"]
[PlyCount "63"]
[EventDate "2018.07.02"]
[EventType "swiss"]
[EventRounds "7"]
[EventCountry "CAN"]

1. e4 e5 2. Nf3 Nc6 3. Bb5 a6 4. Ba4 b5 5. Bb3 Bc5 6. c3 d6 7. h3 Nf6 8. Bc2
Bb7 9. d4 exd4 10. cxd4 Bb6 11. O-O Qe7 12. Re1 O-O-O 13. Nc3 Na5 14. b4 Nc4
15. Bd3 c5 16. bxc5 dxc5 17. d5 Ne5 18. Bf4 Nxf3+ 19. Qxf3 c4 20. Bc2 Bd4 21.
Rab1 Be5 22. Bxe5 Qxe5 23. a4 h5 24. axb5 axb5 25. Nxb5 g5 26. Na7+ Kc7 27. Qe2
Ba6 28. Nb5+ Bxb5 29. Rxb5 Qd4 30. Rd1 Qe5 31. d6+ Kd7 32. Rxe5 1-0

[Event "CYCC U14"]
[Site "Quebec CAN"]
[Date "2018.07.04"]
[Round "6.50"]
[White "Zhu, Benjamin"]
[Black "Greco, Justin"]
[Result "0-1"]
[WhiteElo "830"]
[BlackElo "943"]
[PlyCount "56"]
[EventDate "2018.07.02"]
[EventType "swiss"]
[EventRounds "7"]
[EventCountry "CAN"]

1. e4 e5 2. Nf3 Nc6 3. Bc4 Nf6 4. d3 Bc5 5. O-O O-O 6. Bg5 h6 7. Bd2 d6 8. h3
Be6 9. Bxe6 fxe6 10. Nc3 d5 11. Qc1 Kh7 12. Ne2 Nh5 13. a3 Qf6 14. b4 Bd4 15.
c3 Bb6 16. Be3 d4 17. cxd4 exd4 18. Nexd4 Nxd4 19. Nxd4 Bxd4 20. Ra2 Rf7 21.
Rd2 Raf8 22. Rfd1 Be5 23. Bc5 Nf4 24. Kh1 Qg6 25. g3 Nxh3 26. Bxf8 Nxf2+ 27.
Rxf2 Rxf2 28. Rg1 Qh5# 0-1

[Event "CYCC U14"]
[Site "Quebec CAN"]
[Date "2018.07.04"]
[Round "6.51"]
[White "Lei, Yanyu"]
[Black "Wu, Sunny"]
[Result "1-0"]
[WhiteElo "1337"]
[BlackElo "864"]
[PlyCount "91"]
[EventDate "2018.07.02"]
[EventType "swiss"]
[EventRounds "7"]
[EventCountry "CAN"]

1. d4 d5 2. c4 c6 3. cxd5 cxd5 4. Nc3 Nf6 5. Bg5 Nbd7 6. e3 b6 7. Bd3 Bb7 8.
Nge2 h6 9. Bh4 e5 10. Qd2 exd4 11. Nxd4 Be7 12. Nf5 Bc5 13. Nxg7+ Kf8 14. Nh5
d4 15. exd4 Bxd4 16. Qf4 Be5 17. Qb4+ Nc5 18. O-O-O Qe7 19. Bxf6 Nxd3+ 20. Rxd3
Qxb4 21. Bxe5 Rg8 22. Bd6+ Qxd6 23. Rxd6 Rxg2 24. Rd2 Rg5 25. Rhd1 Rxh5 26. Rd7
Ba6 27. Rd8+ Rxd8 28. Rxd8+ Ke7 29. Ra8 Bc4 30. Rxa7+ Kf8 31. Rb7 Rxh2 32. Rxb6
h5 33. a4 h4 34. a5 h3 35. a6 Bxa6 36. Rxa6 Rh1+ 37. Kd2 Kg7 38. Ra4 Kg6 39.
Ne2 h2 40. Ng3 Rg1 41. Rh4 Rg2 42. Ke2 Kg5 43. Kf3 Rg1 44. Rxh2 Rb1 45. Rh5+
Kg6 46. Rb5 1-0

[Event "CYCC U14"]
[Site "Quebec CAN"]
[Date "2018.07.05"]
[Round "7.30"]
[White "England, Max"]
[Black "Hemstapat, Andrew"]
[Result "1/2-1/2"]
[WhiteElo "2061"]
[BlackElo "2239"]
[PlyCount "160"]
[EventDate "2018.07.02"]
[EventType "swiss"]
[EventRounds "7"]
[EventCountry "CAN"]

1. e4 e6 2. d4 d5 3. Nc3 Nf6 4. e5 Nfd7 5. f4 c5 6. Nf3 Nc6 7. Be3 a6 8. Qd2 b5
9. dxc5 Bxc5 10. Bd3 Qb6 11. Bf2 Ne7 12. O-O Bb7 13. Ne2 Bxf2+ 14. Rxf2 Nc5 15.
Qe3 g6 16. c3 Nf5 17. Bxf5 gxf5 18. Nd2 Qc7 19. Nd4 Na4 20. Nf1 h5 21. Rc1 Nc5
22. Rf3 Ne4 23. Nd2 Qa5 24. a3 Rc8 25. Rh3 Qd8 26. Qe2 Qb6 27. Rd1 h4 28. Qe1
a5 29. Rxh4 Rg8 30. Qe2 Rc5 31. Qe3 Nxd2 32. Rxd2 Qd8 33. Rh7 Qc8 34. Qh3 b4
35. Qh5 Rf8 36. Rh8 Kd7 37. Rxf8 Qxf8 38. axb4 axb4 39. Qd1 Ra5 40. Nb3 Ra6 41.
c4 Kc8 42. Rc2 Kb8 43. cxd5 Bxd5 44. Nc5 Ra7 45. Qe1 Qd8 46. Qxb4+ Ka8 47. Na4
Ra6 48. Rd2 Rc6 49. Nc3 Ra6 50. Qb5 Ra1+ 51. Rd1 Rxd1+ 52. Nxd1 Bb7 53. Qa4+
Kb8 54. Qc2 Qd4+ 55. Nf2 Qxf4 56. Qc5 Qg5 57. g3 f4 58. Qd6+ Ka8 59. Qf8+ Ka7
60. Qc5+ Ka8 61. Qa5+ Kb8 62. Qd2 Qxe5 63. gxf4 Qg7+ 64. Kf1 Ba6+ 65. Nd3 Qd4
66. Ke2 Qe4+ 67. Kf2 Qxd3 68. Qb4+ Qb5 69. Qf8+ Bc8 70. Qd6+ Ka8 71. Qa3+ Qa6
72. Qxa6+ Bxa6 73. Ke3 Kb7 74. h4 Bf1 75. h5 Bh3 76. Kd4 f6 77. Kc5 Kc7 78. b4
Kd7 79. b5 Ke7 80. b6 Kf7 1/2-1/2

[Event "CYCC U14"]
[Site "Quebec CAN"]
[Date "2018.07.05"]
[Round "7.31"]
[White "Papneja, Arul"]
[Black "Ahmed, Syed Ibrahim"]
[Result "1-0"]
[WhiteElo "2082"]
[BlackElo "1493"]
[PlyCount "61"]
[EventDate "2018.07.02"]
[EventType "swiss"]
[EventRounds "7"]
[EventCountry "CAN"]

1. e4 c6 2. d4 d5 3. exd5 cxd5 4. Bd3 Nf6 5. Bf4 Nc6 6. c3 e6 7. Nf3 Bd6 8.
Bxd6 Qxd6 9. O-O O-O 10. Re1 b6 11. Ne5 Bb7 12. Nd2 Rfe8 13. f4 Nd7 14. Bxh7+
Kf8 15. Nxd7+ Qxd7 16. Bd3 Ke7 17. f5 Kd8 18. fxe6 fxe6 19. Nf3 Kc7 20. Bb5 Rh8
21. Ne5 Qd6 22. Bxc6 Bxc6 23. Qg4 Raf8 24. g3 Be8 25. Ng6 Bxg6 26. Qxg6 Kd7 27.
Qxg7+ Kd8 28. Qe5 Qd7 29. Qxe6 Qh7 30. Qxd5+ Kc7 31. Qg2 1-0

[Event "CYCC U14"]
[Site "Quebec CAN"]
[Date "2018.07.05"]
[Round "7.32"]
[White "Tanaka, Tyler"]
[Black "Demers, Alexis"]
[Result "1-0"]
[WhiteElo "2067"]
[BlackElo "1726"]
[PlyCount "93"]
[EventDate "2018.07.02"]
[EventType "swiss"]
[EventRounds "7"]
[EventCountry "CAN"]

1. e4 c5 2. Nf3 d6 3. d4 cxd4 4. Nxd4 Nf6 5. Nc3 a6 6. Bg5 e6 7. f4 Be7 8. Qd3
Nbd7 9. O-O-O Nc5 10. Qe2 Qc7 11. f5 O-O 12. fxe6 fxe6 13. g3 b5 14. a3 h6 15.
Bd2 e5 16. Nf5 Bxf5 17. exf5 Rac8 18. Bg2 Rfd8 19. Be3 Kh8 20. g4 Na4 21. Nd5
Qd7 22. Nxf6 Bxf6 23. g5 hxg5 24. Qh5+ Kg8 25. Bd5+ Kf8 26. Qh7 Ke7 27. Qh5 Qe8
28. Qg4 Qf8 29. Rhg1 Rc5 30. Bxc5 Nxc5 31. Qe2 Rc8 32. Kb1 Rc7 33. Qd2 Qd8 34.
Rxg5 Bxg5 35. Qxg5+ Ke8 36. Qh5+ Kd7 37. Rg1 Kc8 38. Rg6 Kb8 39. Qg4 Qe7 40.
Qg1 Qf8 41. f6 Ka7 42. fxg7 Rxg7 43. Rxg7+ Kb6 44. b4 Qf4 45. bxc5+ dxc5 46.
Rb7+ Ka5 47. Qxc5 1-0

[Event "CYCC U14"]
[Site "Quebec CAN"]
[Date "2018.07.05"]
[Round "7.33"]
[White "Mirabelli, Aidan"]
[Black "Zhao, Jeffrey R"]
[Result "0-1"]
[WhiteElo "1592"]
[BlackElo "1973"]
[PlyCount "94"]
[EventDate "2018.07.02"]
[EventType "swiss"]
[EventRounds "7"]
[EventCountry "CAN"]

1. e4 e5 2. Nf3 Nc6 3. Bc4 Bc5 4. c3 Nf6 5. d4 exd4 6. cxd4 Bb4+ 7. Bd2 Bxd2+
8. Nbxd2 d5 9. exd5 Nxd5 10. O-O O-O 11. a3 Bg4 12. Be2 Nf4 13. Nb3 Qd5 14. Re1
Rae8 15. Nbd2 Nxe2+ 16. Rxe2 Rxe2 17. Qxe2 Nxd4 18. Qe7 Nxf3+ 19. Nxf3 Bxf3 20.
gxf3 c5 21. Qe4 Qb3 22. Qe5 b6 23. f4 Qe6 24. f3 Re8 25. Qxe6 Rxe6 26. Rd1 g6
27. Kf2 Kg7 28. h4 h5 29. Rd5 Kf6 30. a4 a6 31. Rd7 Rc6 32. Ke3 Ke6 33. Rd8 Rd6
34. Rxd6+ Kxd6 35. f5 Ke5 36. fxg6 fxg6 37. b3 b5 38. a5 c4 39. bxc4 bxc4 40.
f4+ Kd5 41. Kd2 Kc5 42. Kc3 Kb5 43. Kd4 Kb4 44. Ke5 c3 45. Kf6 c2 46. Kxg6 c1=Q
47. Kxh5 Qxf4 0-1

[Event "CYCC U14"]
[Site "Quebec CAN"]
[Date "2018.07.05"]
[Round "7.34"]
[White "Doknjas, Neil"]
[Black "Wang, Eric"]
[Result "1-0"]
[WhiteElo "1917"]
[BlackElo "1682"]
[PlyCount "83"]
[EventDate "2018.07.02"]
[EventType "swiss"]
[EventRounds "7"]
[EventCountry "CAN"]

1. e4 e5 2. Nf3 Nc6 3. d4 exd4 4. Nxd4 Nf6 5. Nxc6 bxc6 6. Bd3 Bb7 7. O-O Be7
8. e5 Nd5 9. Be4 Bc5 10. c4 Ne7 11. Bg5 h6 12. Bh4 g5 13. Bg3 h5 14. h4 Ng6 15.
Bxg6 fxg6 16. Qd3 Rg8 17. Nc3 gxh4 18. Ne4 Be7 19. Nf6+ Bxf6 20. exf6 Qxf6 21.
Bxc7 Qf5 22. Qb3 Ba6 23. Rfe1+ Kf7 24. Qa3 Rge8 25. Qxa6 h3 26. Qa3 hxg2 27.
Qg3 Rac8 28. Qf4 Re6 29. Rxe6 dxe6 30. Kxg2 g5 31. Qxf5+ exf5 32. Bd6 Re8 33.
Bc5 a6 34. a4 Re4 35. b3 h4 36. Rd1 Re6 37. Rd7+ Kg6 38. b4 g4 39. Rd6 Kf7 40.
b5 axb5 41. a5 Re7 42. Rf6+ 1-0

[Event "CYCC U14"]
[Site "Quebec CAN"]
[Date "2018.07.05"]
[Round "7.35"]
[White "Landstrom, William"]
[Black "James, Rowan"]
[Result "0-1"]
[WhiteElo "1297"]
[BlackElo "1903"]
[PlyCount "46"]
[EventDate "2018.07.02"]
[EventType "swiss"]
[EventRounds "7"]
[EventCountry "CAN"]

1. e4 Nc6 2. Nf3 e5 3. d4 exd4 4. Nxd4 Bc5 5. Be3 Qf6 6. c3 Nge7 7. Bc4 O-O 8.
b4 Bxd4 9. Bxd4 Nxd4 10. cxd4 Nc6 11. O-O Nxd4 12. Nc3 c6 13. Qd3 b5 14. Bb3 a5
15. bxa5 b4 16. Na4 Rxa5 17. Nb6 Nxb3 18. axb3 Rxa1 19. Rd1 Qc3 20. Qf1 Ba6 21.
Nc4 Bxc4 22. bxc4 Rxd1 23. Qxd1 Ra8 0-1

[Event "CYCC U14"]
[Site "Quebec CAN"]
[Date "2018.07.05"]
[Round "7.36"]
[White "Wu, Tony (Dongze)"]
[Black "Chung, Leo"]
[Result "1-0"]
[WhiteElo "1883"]
[BlackElo "1696"]
[PlyCount "65"]
[EventDate "2018.07.02"]
[EventType "swiss"]
[EventRounds "7"]
[EventCountry "CAN"]

1. d4 Nf6 2. Nf3 d5 3. g3 c6 4. Bg2 Bf5 5. O-O Nbd7 6. c4 e6 7. Nc3 h6 8. Nd2
Bg6 9. e4 dxe4 10. Ndxe4 Nxe4 11. Nxe4 Nf6 12. Nxf6+ Qxf6 13. Bf4 Qd8 14. d5
Qb6 15. Qa4 Rc8 16. Bh3 Bc5 17. Rad1 Ke7 18. Be5 Rhg8 19. a3 cxd5 20. b4 Bxb4
21. axb4 Rxc4 22. Rxd5 Rc6 23. Rb5 Qa6 24. Qxa6 bxa6 25. Rb7+ Kd8 26. Rd1+ Ke8
27. Rb8+ Ke7 28. Rxg8 Be4 29. Bg2 Bxg2 30. Kxg2 Rb6 31. Rdd8 f6 32. Bc7 Rxb4
33. Rxg7# 1-0

[Event "CYCC U14"]
[Site "Quebec CAN"]
[Date "2018.07.05"]
[Round "7.37"]
[White "Liu, Harrison"]
[Black "Cloutier, Simon"]
[Result "1-0"]
[WhiteElo "1828"]
[BlackElo "1366"]
[PlyCount "79"]
[EventDate "2018.07.02"]
[EventType "swiss"]
[EventRounds "7"]
[EventCountry "CAN"]

1. e4 e5 2. Nf3 Nc6 3. Bb5 d6 4. O-O Nf6 5. c3 Bd7 6. Re1 a6 7. Ba4 Be7 8. d4
exd4 9. cxd4 O-O 10. h3 h6 11. Nc3 b5 12. Bc2 Nb4 13. Bb3 a5 14. e5 Nh7 15. e6
fxe6 16. Bxe6+ Bxe6 17. Rxe6 Qd7 18. Qe2 Bf6 19. Nxb5 Rfe8 20. Nxc7 Rxe6 21.
Qxe6+ Qxe6 22. Nxe6 Re8 23. Nc7 Rc8 24. Nb5 d5 25. Bd2 Rb8 26. a4 Nf8 27. Bxb4
axb4 28. Rc1 Ne6 29. b3 Kf7 30. Kf1 Ke7 31. g3 Kd7 32. Ke2 Rb7 33. Kd3 g5 34.
Ne1 Be7 35. Ng2 Nc7 36. Rxc7+ Rxc7 37. Nxc7 Kxc7 38. Ne3 Kc6 39. Nf5 Bf8 40.
Ke3 1-0

[Event "CYCC U14"]
[Site "Quebec CAN"]
[Date "2018.07.05"]
[Round "7.38"]
[White "Zhang, Andy"]
[Black "Craciun, David"]
[Result "0-1"]
[WhiteElo "1382"]
[BlackElo "1837"]
[PlyCount "70"]
[EventDate "2018.07.02"]
[EventType "swiss"]
[EventRounds "7"]
[EventCountry "CAN"]

1. Nf3 d5 2. g3 Bf5 3. Bg2 Nf6 4. d4 e6 5. O-O c5 6. c4 Nc6 7. cxd5 exd5 8. Nc3
Be7 9. Bf4 O-O 10. e3 Ne4 11. Qb3 Nxc3 12. bxc3 Qd7 13. Ne5 Nxe5 14. Bxe5 f6
15. Qxd5+ Qxd5 16. Bxd5+ Kh8 17. Bf4 g5 18. Bxb7 Rad8 19. g4 Bxg4 20. Bg3 h5
21. f3 Be6 22. Rfd1 h4 23. Bf2 Rb8 24. Bc6 Bc4 25. Rd2 Rb6 26. d5 Bd6 27. e4
Rfb8 28. Be3 Rb2 29. Rxb2 Rxb2 30. a4 Bxh2+ 31. Kh1 Bd6 32. Bb5 Bxb5 33. axb5
h3 34. Ra6 Rb1+ 35. Bg1 h2 0-1

[Event "CYCC U14"]
[Site "Quebec CAN"]
[Date "2018.07.05"]
[Round "7.39"]
[White "Xiang, Christopher"]
[Black "Ramesh, Sanjay"]
[Result "0-1"]
[WhiteElo "1662"]
[BlackElo "1416"]
[PlyCount "102"]
[EventDate "2018.07.02"]
[EventType "swiss"]
[EventRounds "7"]
[EventCountry "CAN"]

1. e4 e5 2. Nf3 Nc6 3. d4 exd4 4. Nxd4 Bc5 5. Nxc6 bxc6 6. Bd3 d6 7. O-O Nf6 8.
Bg5 O-O 9. Nd2 Re8 10. h3 d5 11. Qf3 Be7 12. Rfe1 Be6 13. Bf4 h6 14. e5 Nd7 15.
Rad1 Bg5 16. Bxg5 Qxg5 17. Qe3 Qxe3 18. Rxe3 d4 19. Ree1 Bd5 20. f4 Rab8 21. b3
f6 22. exf6 Nxf6 23. Bc4 Nh5 24. Bxd5+ cxd5 25. f5 Ng3 26. Nf3 c5 27. Nh4 Kf7
28. Kf2 Ne4+ 29. Kf3 Nc3 30. Ra1 Re4 31. g4 Rbe8 32. Ng2 Re2 33. Rxe2 Rxe2 34.
Ne1 Re3+ 35. Kg2 Ne4 36. Rd1 Ng5 37. h4 Ne4 38. Kf1 Rg3 39. b4 Rxg4 40. bxc5
Nxc5 41. Nf3 Kf6 42. Rxd4 Rxd4 43. Nxd4 Ke5 44. Nc6+ Kxf5 45. Nxa7 Kg4 46. Nb5
Kxh4 47. Nc7 d4 48. Nb5 d3 49. cxd3 Nxd3 50. a4 Nc5 51. a5 Na6 0-1